[Event "Barcelona Primavera La Lira op 9th"]
[Site "Barcelona"]
[Date "2016.05.26"]
[Round "8"]
[White "Rodriguez Guillen, Carlos"]
[Black "Astor Martinez, Juan Fernando"]
[Result "1-0"]
[WhiteElo "1742"]
[BlackElo "1542"]
[PlyCount "93"]
[EventDate "2016.04.07"]
[EventType "swiss"]
[EventRounds "9"]
[EventCountry "ESP"]
[SourceTitle "CBM 172 Extra"]
[Source "ChessBase"]
[SourceDate "2016.06.21"]
[SourceVersion "1"]
[SourceVersionDate "2016.06.21"]
[SourceQuality "1"]

1. e4 d5 2. exd5 Nf6 3. Bc4 Bg4 4. f3 Bf5 5. Nc3 c6 6. dxc6 Nxc6 7. Bb5 Qd7 8. Nge2 a6 9. Bxc6 Qxc6 10. Nd4 Qc5 11. Nxf5 Qxf5 12. 0-0 e6 13. d3 Bd6 14. Qe2 0-0 15. Ne4 Bc7 16. Nxf6+ Qxf6 17. Qe4 b5 18. c3 Rad8 19. Be3 Rd5 20. f4 Rh5 21. h3 Qe7 22. Qc6 Rd8 23. Rad1 h6 24. Bb6 Bxb6+ 25. Qxb6 Rd6 26. Qe3 Qf6 27. Rf3 b4 28. d4 bxc3 29. bxc3 Rb5 30. Qe4 Rdb6 31. Rdf1 Rb2 32. a4 a5 33. Rc1 Qe7 34. Qa8+ Rb8 35. Qxa5 Qh4 36. Qe5 R8b3 37. Qe1 Qh5 38. Rf2 Qg6 39. Rxb2 Rxb2 40. Qf1 Ra2 41. Ra1 Rc2 42. a5 Rxc3 43. a6 Rc8 44. Qb1 Rc2 45. Qb8+ Kh7 46. Qb7 Qg3 47. Qe4+ 1-0

[Event "Barcelona Primavera La Lira op 9th"]
[Site "Barcelona"]
[Date "2016.05.05"]
[Round "5"]
[White "Febrero Perez, Lluis"]
[Black "Astor Martinez, Juan Fernando"]
[Result "0-1"]
[WhiteElo "1599"]
[BlackElo "1542"]
[PlyCount "56"]
[EventDate "2016.04.07"]
[EventType "swiss"]
[EventRounds "9"]
[EventCountry "ESP"]
[SourceTitle "CBM 172 Extra"]
[Source "ChessBase"]
[SourceDate "2016.06.21"]
[SourceVersion "1"]
[SourceVersionDate "2016.06.21"]
[SourceQuality "1"]

1. e4 d5 2. exd5 Nf6 3. Bb5+ Bd7 4. Qe2 Nxd5 5. Bxd7+ Qxd7 6. c4 Nb4 7. Na3 N8c6 8. Nf3 a6 9. 0-0 h6 10. Rd1 0-0-0 11. d4 g5 12. Be3 Qf5 13. d5 Nb8 14. Nd4 Qg6 15. Nac2 Nxc2 16. Nxc2 e6 17. Nd4 exd5 18. Qg4+ Nd7 19. cxd5 Kb8 20. Nc6+ bxc6 21. Qd4 Bc5 22. Qc4 Bxe3 23. fxe3 cxd5 24. Rxd5 Nb6 25. Rxd8+ Rxd8 26. Qxa6 Qe4 27. Qa3 Rd2 28. Qf8+ Kb7 0-1

[Event "Barcelona La Lira op 34th"]
[Site "Barcelona"]
[Date "2016.02.05"]
[Round "4"]
[White "Astor Martinez, Juan Fernando"]
[Black "Aubeso Duch, Miquel"]
[Result "0-1"]
[WhiteElo "1559"]
[BlackElo "1352"]
[PlyCount "36"]
[EventDate "2016.01.15"]
[EventType "swiss"]
[EventRounds "8"]
[EventCountry "ESP"]
[SourceTitle "EXT 2017"]
[Source "ChessBase"]
[SourceDate "2016.10.25"]
[SourceVersion "1"]
[SourceVersionDate "2016.10.25"]
[SourceQuality "1"]

1. d4 d5 2. e4 Nf6 3. e5 Nfd7 4. Nf3 e6 5. Bd3 Be7 6. Nc3 0-0 7. Be3 c5 8. Qd2 h6 9. Bxh6 c4 10. Be2 Nc6 11. h4 f6 12. Rh3 fxe5 13. Rg3 Rf7 14. Ng5 Bxg5 15. Bxg5 Ne7 16. Bh5 g6 17. Bxg6 Rg7 18. Bf6 Nxf6 0-1

[Event "Barcelona La Lira op 34th"]
[Site "Barcelona"]
[Date "2016.01.22"]
[Round "2"]
[White "Astor Martinez, Juan Fernando"]
[Black "Costa Trave, Jaume"]
[Result "0-1"]
[WhiteElo "1559"]
[BlackElo "1939"]
[PlyCount "54"]
[EventDate "2016.01.15"]
[EventType "swiss"]
[EventRounds "8"]
[EventCountry "ESP"]
[SourceTitle "EXT 2017"]
[Source "ChessBase"]
[SourceDate "2016.10.25"]
[SourceVersion "1"]
[SourceVersionDate "2016.10.25"]
[SourceQuality "1"]

1. d4 d5 2. Bf4 c6 3. e3 Bf5 4. Nc3 e6 5. Bd3 Bg6 6. Nf3 Bd6 7. Bg3 Bxg3 8. hxg3 Ne7 9. Ne5 Nd7 10. f4 Nxe5 11. fxe5 Nf5 12. Qf3 Qg5 13. Bxf5 Bxf5 14. Rf1 0-0 15. Kd2 b5 16. Ne2 a5 17. Nf4 Rac8 18. Rh1 c5 19. Rh5 Qe7 20. Rxf5 exf5 21. Qh5 cxd4 22. exd4 Qb4+ 23. Ke3 Qxb2 24. Rh1 h6 25. Qxf5 Qxc2 26. Nd3 Qxg2 27. Rh4 Qxg3+ 0-1

[Event "Barcelona La Lira Spring op 1st"]
[Site "Barcelona"]
[Date "2008.05.08"]
[Round "5.24"]
[White "Astor Martinez, Juan Fernando"]
[Black "Sanchez Coves, Juan Josep"]
[Result "0-1"]
[WhiteElo "1700"]
[BlackElo "1566"]
[PlyCount "48"]
[EventDate "2008.04.03"]
[EventType "swiss"]
[EventRounds "8"]
[EventCountry "ESP"]
[SourceTitle "EXT 2024"]
[Source "ChessBase"]
[SourceDate "2023.10.10"]
[SourceVersion "1"]
[SourceVersionDate "2023.10.10"]
[SourceQuality "1"]

1. e4 c6 2. d4 d5 3. exd5 cxd5 4. c4 Nc6 5. Be3 Nf6 6. Nc3 e5 7. cxd5 Nxd5 8. Nxd5 Qxd5 9. dxe5 Bb4+ 10. Bd2 Qxe5+ 11. Qe2 Bxd2+ 12. Kxd2 Bf5 13. Qxe5+ Nxe5 14. Bb5+ Ke7 15. Re1 Rhd8+ 16. Kc3 Rac8+ 17. Kb3 Be6+ 18. Ka3 Nd3 19. Bxd3 Rxd3+ 20. b3 Rc2 21. Nf3 a5 22. Ne5 Rdd2 23. Ra1 b5 24. Rhd1 Rxf2 0-1

[Event "Barcelona La Lira Spring op 1st"]
[Site "Barcelona"]
[Date "2008.04.17"]
[Round "3.20"]
[White "Astor Martinez, Juan Fernando"]
[Black "Massanet Miret, Pere"]
[Result "0-1"]
[WhiteElo "1700"]
[BlackElo "1732"]
[PlyCount "106"]
[EventDate "2008.04.03"]
[EventType "swiss"]
[EventRounds "8"]
[EventCountry "ESP"]
[SourceTitle "EXT 2024"]
[Source "ChessBase"]
[SourceDate "2023.10.10"]
[SourceVersion "1"]
[SourceVersionDate "2023.10.10"]
[SourceQuality "1"]

1. e4 c6 2. d4 d5 3. exd5 cxd5 4. c4 dxc4 5. Bxc4 Nf6 6. Nc3 e6 7. Nf3 Be7 8. 0-0 0-0 9. Bf4 a6 10. Re1 b5 11. Bb3 Bb7 12. Bc2 Nbd7 13. Qd3 Bxf3 14. Qxf3 Bb4 15. Rad1 Bxc3 16. bxc3 Nd5 17. Qh3 N7f6 18. Qf3 Nxf4 19. Qxf4 Qa5 20. Qd2 Rac8 21. Bb3 Qxc3 22. Qf4 Qc7 23. Qf3 Qc6 24. Qd3 Rfd8 25. Rc1 Qd6 26. Rxc8 Rxc8 27. h3 g6 28. Qf3 Kg7 29. g4 Nd5 30. Bxd5 Qxd5 31. Qe3 Qxa2 32. g5 Qd5 33. Qf4 Qf5 34. Qh4 f6 35. Qh6+ Kg8 36. gxf6 Qxf6 37. Re4 a5 38. Rf4 Qg7 39. Qg5 Qb7 40. Rf6 Qd7 41. Qe5 Re8 42. Qf4 a4 43. h4 Qg7 44. Kf1 a3 45. h5 gxh5 46. Qe5 Kh8 47. d5 a2 48. d6 Rg8 49. d7 Qg1+ 50. Ke2 Qg4+ 51. Kf1 Qd1+ 52. Qe1 Qxe1+ 53. Kxe1 a1Q+ 0-1

[Event "Barcelona La Lira Spring op 1st"]
[Site "Barcelona"]
[Date "2008.04.10"]
[Round "2.24"]
[White "Revert Millan, Francisco"]
[Black "Astor Martinez, Juan Fernando"]
[Result "0-1"]
[WhiteElo "1721"]
[BlackElo "1700"]
[PlyCount "34"]
[EventDate "2008.04.03"]
[EventType "swiss"]
[EventRounds "8"]
[EventCountry "ESP"]
[SourceTitle "EXT 2024"]
[Source "ChessBase"]
[SourceDate "2023.10.10"]
[SourceVersion "1"]
[SourceVersionDate "2023.10.10"]
[SourceQuality "1"]

1. e4 e5 2. Nf3 Nc6 3. Bb5 f5 4. exf5 Nf6 5. d4 exd4 6. 0-0 Be7 7. Re1 0-0 8. Bxc6 dxc6 9. Nxd4 Bc5 10. c3 Bxd4 11. cxd4 Bxf5 12. Be3 Qd6 13. Nd2 Ng4 14. Nf3 Bg6 15. h3 Rxf3 16. Qxf3 Qh2+ 17. Kf1 Bd3+ 0-1

[Event "Barcelona Ideal Clave op 13th"]
[Site "Barcelona"]
[Date "2007.11.03"]
[Round "5.15"]
[White "Garcia Vidal, Emili"]
[Black "Astor Martinez, Juan Fernando"]
[Result "1-0"]
[WhiteElo "1758"]
[BlackElo "1700"]
[PlyCount "57"]
[EventDate "2007.09.29"]
[EventType "swiss"]
[EventRounds "8"]
[EventCountry "ESP"]
[SourceTitle "EXT 2024"]
[Source "ChessBase"]
[SourceDate "2023.10.10"]
[SourceVersion "1"]
[SourceVersionDate "2023.10.10"]
[SourceQuality "1"]

1. f4 e5 2. fxe5 d6 3. exd6 Bxd6 4. Nf3 g5 5. d4 g4 6. Ne5 Bxe5 7. dxe5 Qxd1+ 8. Kxd1 Nc6 9. Bf4 Be6 10. e4 0-0-0+ 11. Bd3 Bc4 12. Ke2 Bxd3+ 13. cxd3 Nge7 14. Nc3 Ng6 15. Rhf1 Ngxe5 16. Rad1 Rd4 17. Ke3 Rhd8 18. Nd5 Ra4 19. a3 Rd7 20. Rf2 b5 21. Rfd2 Ng6 22. g3 Nxf4 23. Kxf4 h5 24. Nf6 Rad4 25. Nxh5 f5 26. Kxf5 b4 27. axb4 Rxb4 28. Kxg4 Rb5 29. Nf4 1-0

[Event "Barcelona Ideal Clave op 13th"]
[Site "Barcelona"]
[Date "2007.10.06"]
[Round "2.15"]
[White "Astor Martinez, Juan Fernando"]
[Black "Lopez Abaurrea, Eduardo"]
[Result "1/2-1/2"]
[WhiteElo "1700"]
[BlackElo "1770"]
[PlyCount "114"]
[EventDate "2007.09.29"]
[EventType "swiss"]
[EventRounds "8"]
[EventCountry "ESP"]
[SourceTitle "EXT 2024"]
[Source "ChessBase"]
[SourceDate "2023.10.10"]
[SourceVersion "1"]
[SourceVersionDate "2023.10.10"]
[SourceQuality "1"]

1. e4 e5 2. Nf3 Nc6 3. d4 exd4 4. Nxd4 Ne5 5. Nc3 d6 6. Bf4 Nf6 7. Bb5+ Bd7 8. Qe2 Be7 9. 0-0-0 0-0 10. h3 a6 11. Bd3 b5 12. g4 c5 13. Bxe5 dxe5 14. Ndxb5 axb5 15. Bxb5 Qc7 16. Bxd7 Nxd7 17. Nd5 Qd8 18. Kb1 Ra7 19. Rhf1 Bg5 20. Qc4 Qa5 21. Rd3 Nb6 22. Nxb6 Qxb6 23. Rd5 Rc8 24. Rfd1 h6 25. Rd7 Rxd7 26. Rxd7 Qf6 27. Qe2 Qf4 28. a3 Rd8 29. Rxd8+ Bxd8 30. a4 Qf6 31. Qb5 Qxf2 32. Qe8+ Kh7 33. Qxd8 Qe1+ 34. Ka2 Qxe4 35. Qd7 Qxc2 36. Qxf7 Qxa4+ 37. Kb1 Qe4+ 38. Kc1 Qd3 39. Qf5+ Qxf5 40. gxf5 e4 41. Kc2 h5 42. Kd2 Kh6 43. Ke3 Kg5 44. Kxe4 g6 45. fxg6 Kxg6 46. Kd5 Kg5 47. Kxc5 Kf4 48. b4 Kg3 49. b5 Kxh3 50. b6 Kg2 51. b7 h4 52. b8Q h3 53. Qg8+ Kf2 54. Qg4 h2 55. Qh4+ Kg1 56. Qg3+ Kh1 57. Qf3+ Kg1 1/2-1/2